East-West (Record no. 12422)
[ view plain ]
| 000 -LEADER | |
|---|---|
| fixed length control field | 00450njm a2200169Ma 4500 |
| 040 ## - CATALOGING SOURCE | |
| Transcribing agency | UOK |
| 082 ## - DEWEY DECIMAL CLASSIFICATION NUMBER | |
| Classification number | 428 ELE 1988 A022 Or. |
| 110 2# - MAIN ENTRY--CORPORATE NAME | |
| Corporate name or jurisdiction name as entry element | Paul Butterfield Blues Band. |
| 245 10 - TITLE STATEMENT | |
| Title | East-West |
| 260 ## - PUBLICATION, DISTRIBUTION, ETC. (IMPRINT) | |
| Place of publication | New York, N.Y. : |
| Name of publisher | Elektra, |
| Year of publication | [1988], p1966. |
| 300 ## - PHYSICAL DESCRIPTION | |
| Number of Pages | 1 sound disc : |
| Other physical details | digital ; |
| Dimensions | 4 3/4 in. |
| 500 ## - GENERAL NOTE | |
| General note | Compact disc. |
| 500 ## - GENERAL NOTE | |
| General note | Blues songs. |
| 500 ## - GENERAL NOTE | |
| General note | Previously released material. |
| 650 #0 - SUBJECT ADDED ENTRY--TOPICAL TERM | |
| Topical Term | Blues (Music) |
| 942 ## - ADDED ENTRY ELEMENTS (KOHA) | |
| Koha item type | សៀវភៅភាសាអង់គ្លេស |
| 952 ## - LOCATION AND ITEM INFORMATION (KOHA) | |
| Withdrawn status [LOCAL, KOHA] | 0 |
| Permanent Location | Date acquired | Koha item type | Lost status | Shelving location | Barcode | Current Location | Full call number |
|---|---|---|---|---|---|---|---|
| Library Block A | 2017-08-14 | សៀវភៅភាសាអង់គ្លេស | A022 | A17557 | Library Block A | 428 ELE 1988 A022 Or. |